| 000 | 00683nam a22001337a 4500 | ||
|---|---|---|---|
| 040 | _cRUA | ||
| 082 | _aAGR UK 2010 B044 Or.1 | ||
| 100 | _aUK, VEASNA. | ||
| 245 | _aEffect of various fertilizer application on growth and yield of phkarumduol rice ប្រសិទ្ធិភាពនៃការប្រើប្រាស់ជីប្រភេទខុសៗគ្នាលើការលូតលាស់និងទិន្នផលពូជស្រូវផ្ការំដួល | ||
| 260 |
_aPhnom Penh _bRUA _c2010 |
||
| 300 |
_axii; 65p. _bill. _c29cm. |
||
| 856 | _uhttps://drive.google.com/file/d/1kDaZx-mHbyCDiLlEo89WbIijVE56y-OS/view?usp=sharing | ||
| 942 | _cAGR | ||
| 999 |
_c1019 _d1019 |
||